[Event "FICGS W-ch final email"]
[Site "FICGS email"]
[Date "2011.04.01"]
[Round "1"]
[White "Hladky, Ostap"]
[Black "Boehme, Sebastian"]
[Result "1-0"]
[WhiteElo "2441"]
[BlackElo "2312"]
[PlyCount "93"]
[EventDate "2011.??.??"]
[EventType "tourn (corr)"]
[EventRounds "6"]
[EventCategory "5"]
[SourceTitle "Corr 2013"]
[Source "ChessBase"]
[SourceDate "2012.11.12"]
[SourceVersion "1"]
[SourceVersionDate "2012.11.12"]
[SourceQuality "1"]

1. Nf3 Nf6 2. c4 e6 3. d4 b6 4. Nc3 Bb7 5. e3 Bb4 6. Bd3 0-0 7. 0-0 Bxc3 8. bxc3 d6 9. Nd2 e5 10. f3 Nc6 11. Qe2 Re8 12. Bb2 a5 13. Qf2 Ne7 14. e4 Nd7 15. Rfe1 Ng6 16. Nf1 Nf4 17. Bc2 h5 18. Ne3 h4 19. Rad1 Qg5 20. Kh1 a4 21. Bc1 Nf8 22. Nd5 N8e6 23. Rg1 Qh5 24. Be3 a3 25. Qd2 Ba6 26. Bb3 Ng6 27. Rb1 Red8 28. Qf2 Bb7 29. g3 Bc6 30. Rbf1 hxg3 31. Rxg3 Bxd5 32. cxd5 Nef4 33. Bc4 Qh4 34. Qd2 Nh3 35. Rg4 Qf6 36. Qe1 Nhf4 37. Rfg1 Nh5 38. Be2 Ngf4 39. Rg5 g6 40. Bf1 Ng7 41. Qg3 Kf8 42. Bd2 Re8 43. Bb5 Ngh5 44. Qh4 Qg7 45. Bd7 Kg8 46. dxe5 dxe5 47. Bg4 1-0

[Event "FICGS W-ch final email"]
[Site "FICGS email"]
[Date "2011.04.01"]
[Round "1"]
[White "Hladky, Ostap"]
[Black "Hase, Pavel"]
[Result "1/2-1/2"]
[WhiteElo "2441"]
[BlackElo "2260"]
[PlyCount "41"]
[EventDate "2011.??.??"]
[EventType "tourn (corr)"]
[EventRounds "6"]
[EventCategory "5"]
[SourceTitle "Corr 2013"]
[Source "ChessBase"]
[SourceDate "2012.11.12"]
[SourceVersion "1"]
[SourceVersionDate "2012.11.12"]
[SourceQuality "1"]

1. d4 Nf6 2. c4 e6 3. g3 d5 4. Nf3 c5 5. Bg2 dxc4 6. 0-0 Nc6 7. Ne5 Bd7 8. Na3 cxd4 9. Naxc4 Be7 10. Bf4 Rc8 11. Qb3 Nd5 12. Qxb7 Nxe5 13. Nxe5 Rc7 14. Qb3 Nxf4 15. gxf4 0-0 16. Rfd1 Bc5 17. Rac1 Bb6 18. Rc4 Be8 19. a4 Rxc4 20. Qxc4 g5 21. a5 1/2-1/2

[Event "FICGS W-ch final email"]
[Site "FICGS email"]
[Date "2011.04.01"]
[Round "1"]
[White "Van Assche, Jeroen"]
[Black "Hladky, Ostap"]
[Result "1/2-1/2"]
[WhiteElo "2443"]
[BlackElo "2441"]
[PlyCount "71"]
[EventDate "2011.??.??"]
[EventType "tourn (corr)"]
[EventRounds "6"]
[EventCategory "5"]
[SourceTitle "Corr 2013"]
[Source "ChessBase"]
[SourceDate "2012.11.12"]
[SourceVersion "1"]
[SourceVersionDate "2012.11.12"]
[SourceQuality "1"]

1. d4 Nf6 2. c4 g6 3. Nc3 Bg7 4. e4 d6 5. Nf3 0-0 6. Be2 e5 7. 0-0 Nc6 8. d5 Ne7 9. b4 Nh5 10. Re1 f5 11. Ng5 Nf6 12. f3 Kh8 13. c5 h6 14. Ne6 Bxe6 15. dxe6 d5 16. exd5 Nfxd5 17. Nxd5 Qxd5 18. Qb3 Qxb3 19. axb3 Nc6 20. Ra4 Rfe8 21. Bb2 Rxe6 22. Bc4 Re7 23. b5 Nd8 24. c6 bxc6 25. bxc6 Re8 26. Bd5 Ne6 27. Bxe5 Nc5 28. Rxa7 Rxa7 29. Bxg7+ Kxg7 30. Rxe8 Ra1+ 31. Kf2 Nd3+ 32. Kg3 f4+ 33. Kh4 Rh1 34. h3 Kf6 35. Re4 Rd1 36. Bc4 1/2-1/2

[Event "FICGS W-ch fina email"]
[Site "FICGS email"]
[Date "2010.07.06"]
[Round "1"]
[White "Domanov, Dmitry"]
[Black "Hladky, Ostap"]
[Result "1-0"]
[WhiteElo "2239"]
[BlackElo "2402"]
[PlyCount "77"]
[EventDate "2010.??.??"]
[EventType "tourn (corr)"]
[EventRounds "6"]
[EventCategory "3"]
[SourceTitle "Corr 2013"]
[Source "ChessBase"]
[SourceDate "2012.11.12"]
[SourceVersion "1"]
[SourceVersionDate "2012.11.12"]
[SourceQuality "1"]

1. e4 c5 2. Nf3 d6 3. d4 cxd4 4. Nxd4 Nf6 5. Nc3 a6 6. Be3 e6 7. f3 b5 8. Qd2 Nbd7 9. g4 b4 10. Na4 h6 11. 0-0-0 Ne5 12. Qxb4 Bd7 13. Bf4 g5 14. Bd2 Rb8 15. Qa3 Be7 16. h4 gxh4 17. Bb4 Qc7 18. Bxa6 0-0 19. Rxh4 Bxa4 20. Qxa4 Qb6 21. Bb5 Nxe4 22. Rh2 Ra8 23. Qb3 Nc5 24. Qe3 Bg5 25. f4 Rxa2 26. fxg5 Nxg4 27. Qe2 Nxh2 28. gxh6 Kh8 29. c4 Ra1+ 30. Kc2 Rxd1 31. Kxd1 Qb7 32. Qxh2 Qe4 33. Nc2 Rg8 34. Qf2 Rg4 35. Bxc5 dxc5 36. Qxc5 Qd3+ 37. Kc1 Qf1+ 38. Kd2 Qg2+ 39. Kc3 1-0

[Event "FICGS class M 000031 email"]
[Site "FICGS email"]
[Date "2009.09.01"]
[Round "1"]
[White "Hladky, Ostap"]
[Black "Bleker, Frits"]
[Result "1-0"]
[WhiteElo "2208"]
[BlackElo "2157"]
[PlyCount "77"]
[EventDate "2009.??.??"]
[EventType "tourn (corr)"]
[EventRounds "6"]
[SourceTitle "Corr 2022"]
[Source "ChessBase"]
[SourceDate "2021.10.24"]
[SourceVersion "1"]
[SourceVersionDate "2021.10.24"]
[SourceQuality "1"]

1. e4 c5 2. Nf3 d6 3. d4 cxd4 4. Nxd4 Nf6 5. Nc3 a6 6. Be3 e5 7. Nb3 Be7 8. f3 Be6 9. Qd2 0-0 10. 0-0-0 Nbd7 11. g4 b5 12. g5 b4 13. Ne2 Ne8 14. f4 a5 15. f5 a4 16. fxe6 axb3 17. cxb3 fxe6 18. Bh3 Nc7 19. Kb1 d5 20. exd5 exd5 21. Bg2 Ra5 22. a4 Rf7 23. Rhe1 Bd6 24. h4 Qf8 25. h5 Kh8 26. Ng3 d4 27. g6 Rf6 28. Bg5 Rf2 29. Re2 Rxe2 30. Qxe2 Qe8 31. gxh7 Ne6 32. Bd2 Ra7 33. Nf5 Bf8 34. Nh4 Bd6 35. Ng6+ Kxh7 36. Be4 Kg8 37. h6 gxh6 38. Bxh6 Nf6 39. Rg1 1-0

[Event "FICGS class M 000031 email"]
[Site "FICGS email"]
[Date "2009.09.01"]
[Round "1"]
[White "Hladky, Ostap"]
[Black "Boehme, Sebastian"]
[Result "1/2-1/2"]
[WhiteElo "2208"]
[BlackElo "2241"]
[PlyCount "31"]
[EventDate "2009.??.??"]
[EventType "tourn (corr)"]
[EventRounds "6"]
[SourceTitle "Corr 2022"]
[Source "ChessBase"]
[SourceDate "2021.10.24"]
[SourceVersion "1"]
[SourceVersionDate "2021.10.24"]
[SourceQuality "1"]

1. Nf3 c5 2. c4 Nc6 3. d4 cxd4 4. Nxd4 Nf6 5. Nc3 e6 6. g3 Qb6 7. Ndb5 Ne5 8. Bf4 Nfg4 9. e3 a6 10. h3 axb5 11. hxg4 Qc6 12. Rh5 Nf3+ 13. Ke2 Ng1+ 14. Kd2 bxc4 15. Kc2 f6 16. e4 1/2-1/2

[Event "FICGS class M 000031 email"]
[Site "FICGS email"]
[Date "2009.09.01"]
[Round "1"]
[White "Legrand, Stephane"]
[Black "Hladky, Ostap"]
[Result "0-1"]
[WhiteElo "2220"]
[BlackElo "2208"]
[PlyCount "96"]
[EventDate "2009.??.??"]
[EventType "tourn (corr)"]
[EventRounds "6"]
[SourceTitle "Corr 2022"]
[Source "ChessBase"]
[SourceDate "2021.10.24"]
[SourceVersion "1"]
[SourceVersionDate "2021.10.24"]
[SourceQuality "1"]

1. d4 Nf6 2. c4 g6 3. Nf3 Bg7 4. g3 0-0 5. Bg2 d6 6. 0-0 Nbd7 7. Nc3 e5 8. e4 c6 9. b3 exd4 10. Nxd4 Nc5 11. h3 Re8 12. Re1 h6 13. Bb2 a5 14. Rb1 Qb6 15. Ba3 Nfd7 16. Nde2 Ne5 17. Rf1 Ned3 18. Qd2 Qc7 19. Na4 Nb4 20. Nec3 Be6 21. f4 Nxa4 22. Nxa4 b5 23. cxb5 cxb5 24. f5 Bc8 25. f6 Bf8 26. Nc3 d5 27. Nxd5 Qxg3 28. Rf3 Qd6 29. Rd3 Qe5 30. Bxb4 axb4 31. Qb2 Qb8 32. Re1 Ra6 33. Kh1 Bb7 34. e5 h5 35. Rd2 Kh7 36. Qd4 Rd6 37. Rd3 Qc8 38. Qh4 Rc6 39. Qg3 Rc2 40. Nf4 Bxg2+ 41. Nxg2 Rd8 42. Rxd8 Qxd8 43. e6 fxe6 44. Qe5 Rf2 45. Qxe6 Rxf6 46. Qe5 Rf3 47. Nf4 Qh4 48. Qh8+ Kxh8 0-1

[Event "FICGS rapid M 000020 email"]
[Site "FICGS email"]
[Date "2009.08.17"]
[Round "1"]
[White "Bernal Varela, Nelson"]
[Black "Hladky, Ostap"]
[Result "1/2-1/2"]
[WhiteElo "2160"]
[BlackElo "2185"]
[PlyCount "86"]
[EventDate "2009.??.??"]
[EventType "tourn (rapid)"]
[EventRounds "6"]
[SourceTitle "Corr 2022"]
[Source "ChessBase"]
[SourceDate "2021.10.24"]
[SourceVersion "1"]
[SourceVersionDate "2021.10.24"]
[SourceQuality "1"]

1. e4 c5 2. Nf3 d6 3. d4 cxd4 4. Nxd4 Nf6 5. Nc3 a6 6. Bg5 e6 7. f4 Qb6 8. Qd2 Qxb2 9. Rb1 Qa3 10. e5 dxe5 11. fxe5 h6 12. Bh4 g5 13. exf6 gxh4 14. Be2 Qa5 15. 0-0 Nd7 16. Kh1 Qg5 17. Rf4 e5 18. Nd5 exd4 19. Qxd4 Kd8 20. Rd1 h3 21. g3 Bd6 22. Bg4 Qe5 23. Bxh3 b5 24. Ne7 Qxd4 25. Rfxd4 Bxe7 26. Rxd7+ Bxd7 27. Rxd7+ Ke8 28. Rxe7+ Kf8 29. Bf5 Rg8 30. Rc7 Rg5 31. g4 Kg8 32. Kg2 Rxf5 33. gxf5 Rd8 34. Kf3 Rd6 35. Rc8+ Kh7 36. Ke4 Rxf6 37. c3 Rb6 38. Kd5 Kg7 39. Ke5 a5 40. Rc5 b4 41. cxb4 axb4 42. Rc4 Rb5+ 43. Kf4 Ra5 1/2-1/2

[Event "FICGS rapid M 000020 email"]
[Site "FICGS email"]
[Date "2009.08.17"]
[Round "1"]
[White "Nichols, Scott"]
[Black "Hladky, Ostap"]
[Result "0-1"]
[WhiteElo "2103"]
[BlackElo "2185"]
[PlyCount "96"]
[EventDate "2009.??.??"]
[EventType "tourn (rapid)"]
[EventRounds "6"]
[SourceTitle "Corr 2022"]
[Source "ChessBase"]
[SourceDate "2021.10.24"]
[SourceVersion "1"]
[SourceVersionDate "2021.10.24"]
[SourceQuality "1"]

1. e4 c6 2. d4 d5 3. Nc3 dxe4 4. Nxe4 Bf5 5. Ng3 Bg6 6. h4 h6 7. Nf3 Nd7 8. h5 Bh7 9. Bd3 Bxd3 10. Qxd3 e6 11. Bd2 Ngf6 12. 0-0-0 Be7 13. Kb1 c5 14. Ne4 0-0 15. g4 Nxg4 16. dxc5 f5 17. Bc3 Nxc5 18. Nxc5 Bxc5 19. Qe2 Qe8 20. Nd4 Rc8 21. f3 Bxd4 22. Rxd4 Nf6 23. Rg1 Rf7 24. Rd6 Rc6 25. Bxf6 Rxf6 26. Qb5 Rf7 27. Rgd1 Rc8 28. Qe5 Re7 29. a3 Kh7 30. Qh2 e5 31. R6d5 b6 32. Re1 Rc5 33. Rxc5 bxc5 34. Qf2 Qxh5 35. Qxc5 Qh4 36. Rd1 h5 37. b4 Qf6 38. Rd6 Re6 39. Rd1 a6 40. Re1 h4 41. Qc4 g5 42. f4 g4 43. fxe5 Qe7 44. Qf4 Kg6 45. c3 Qd7 46. Kc1 h3 47. c4 Qd3 48. Kb2 Qf3 0-1

[Event "FICGS rapid M 000017 email"]
[Site "FICGS email"]
[Date "2009.05.12"]
[Round "1"]
[White "Guzikov, Yuri"]
[Black "Hladky, Ostap"]
[Result "0-1"]
[WhiteElo "2189"]
[BlackElo "2176"]
[PlyCount "82"]
[EventDate "2009.??.??"]
[EventType "tourn (rapid)"]
[EventRounds "6"]
[SourceTitle "Corr 2022"]
[Source "ChessBase"]
[SourceDate "2021.10.24"]
[SourceVersion "1"]
[SourceVersionDate "2021.10.24"]
[SourceQuality "1"]

1. d4 d5 2. c4 c6 3. Nf3 Nf6 4. Nc3 dxc4 5. a4 Bf5 6. e3 Nbd7 7. Bxc4 Bg6 8. 0-0 e6 9. Qe2 Bb4 10. e4 Bh5 11. e5 Nd5 12. Nxd5 cxd5 13. Bd3 Nb8 14. Qe3 Nc6 15. Ng5 Bg6 16. Bxg6 hxg6 17. Qf4 Qe7 18. Rd1 f6 19. Nf3 g5 20. Qg4 0-0-0 21. Nxg5 fxg5 22. Bxg5 Qf7 23. Bxd8 Kxd8 24. Rd3 Be7 25. Rc1 Rh4 26. Qd1 Bb4 27. g3 Qg6 28. Kg2 Rh8 29. Re3 Qf5 30. h4 g5 31. Qd3 Qxd3 32. Rxd3 gxh4 33. Rh1 Be7 34. Kf1 Kc7 35. Ke2 Kb6 36. b3 Ka5 37. f4 Bd8 38. gxh4 Rxh4 39. Rxh4 Bxh4 40. Kf3 Kb4 41. Kg4 Bd8 0-1

[Event "FICGS rapid M 000017 email"]
[Site "FICGS email"]
[Date "2009.05.12"]
[Round "1"]
[White "Hladky, Ostap"]
[Black "Bernal Varela, Nelson"]
[Result "1-0"]
[WhiteElo "2176"]
[BlackElo "2115"]
[PlyCount "89"]
[EventDate "2009.??.??"]
[EventType "tourn (rapid)"]
[EventRounds "6"]
[SourceTitle "Corr 2022"]
[Source "ChessBase"]
[SourceDate "2021.10.24"]
[SourceVersion "1"]
[SourceVersionDate "2021.10.24"]
[SourceQuality "1"]

1. e4 c5 2. Nf3 d6 3. d4 cxd4 4. Nxd4 Nf6 5. Nc3 a6 6. f3 e5 7. Nb3 Be7 8. Be3 Be6 9. Qd2 Nbd7 10. g4 0-0 11. g5 Nh5 12. 0-0-0 b5 13. Kb1 Qc7 14. Nd5 Bxd5 15. exd5 Nb6 16. Na5 Nxd5 17. Qxd5 Qxa5 18. Bd3 Rac8 19. c4 Qd8 20. cxb5 axb5 21. h4 b4 22. Rhe1 g6 23. Ba6 Ra8 24. Bb7 Rb8 25. Ba7 Nf4 26. Qc6 Qe8 27. Qe4 b3 28. axb3 Qb5 29. Bxb8 Rxb8 30. Bd5 Kg7 31. Re3 Qa5 32. Qa4 Qb5 33. Qc4 f6 34. Qc7 Nxd5 35. Rxd5 Qxd5 36. gxf6+ Kxf6 37. Qxb8 h5 38. Qb4 Ke6 39. Qa4 Kf6 40. Rc3 Qd1+ 41. Ka2 Qd5 42. Rc7 Kf7 43. Qa7 Qe6 44. Qb7 Kf8 45. Ka1 1-0

[Event "FICGS W-ch st1 g04 email"]
[Site "FICGS email"]
[Date "2009.02.03"]
[Round "1"]
[White "Hladky, Ostap"]
[Black "Legrand, Stephane"]
[Result "1-0"]
[WhiteElo "2028"]
[BlackElo "2212"]
[PlyCount "87"]
[EventDate "2009.??.??"]
[EventType "tourn (corr)"]
[EventRounds "8"]
[SourceTitle "Corr 2022"]
[Source "ChessBase"]
[SourceDate "2021.10.24"]
[SourceVersion "1"]
[SourceVersionDate "2021.10.24"]
[SourceQuality "1"]

1. e4 c5 2. Nf3 d6 3. d4 cxd4 4. Nxd4 Nf6 5. Nc3 Nc6 6. Bg5 e6 7. Qd2 a6 8. 0-0-0 Bd7 9. f3 Be7 10. Be3 b5 11. g4 0-0 12. g5 Ne8 13. h4 Nxd4 14. Qxd4 Rb8 15. Qd2 b4 16. Ne2 a5 17. h5 a4 18. Kb1 Qc7 19. Nd4 Qc3 20. Qf2 Qc8 21. f4 a3 22. b3 e5 23. Nf5 Bxf5 24. exf5 Qxf5 25. Bh3 Qe4 26. f5 Qc6 27. Bg2 Qc3 28. Bc1 Bd8 29. Rh3 Qc5 30. Qxc5 dxc5 31. c4 bxc3 32. Rxc3 Rc8 33. Rg3 Bb6 34. h6 g6 35. fxg6 hxg6 36. Bxa3 Nc7 37. h7+ Kxh7 38. Bb2 Rfe8 39. Rh3+ Kg7 40. Rd7 Re6 41. Rf3 Rf8 42. Bf1 Kg8 43. Bc4 Ba5 44. a4 1-0

[Event "FICGS rapid A 000054 email"]
[Site "FICGS email"]
[Date "2008.11.16"]
[Round "1"]
[White "Hladky, Ostap"]
[Black "Nichols, Scott"]
[Result "1-0"]
[WhiteElo "1974"]
[BlackElo "2036"]
[PlyCount "109"]
[EventDate "2008.??.??"]
[EventType "tourn (rapid)"]
[EventRounds "6"]
[SourceTitle "Corr 2022"]
[Source "ChessBase"]
[SourceDate "2021.10.24"]
[SourceVersion "1"]
[SourceVersionDate "2021.10.24"]
[SourceQuality "1"]

1. Nf3 g6 2. g3 Bg7 3. Bg2 d5 4. 0-0 Nf6 5. c4 dxc4 6. Qa4+ Nbd7 7. Qxc4 0-0 8. d3 c6 9. Nc3 Nb6 10. Qh4 Nbd5 11. Bd2 Re8 12. Rac1 Nxc3 13. bxc3 e5 14. Bg5 Qd6 15. Nd2 Qe6 16. a4 Nd5 17. Rc2 f6 18. Ne4 h5 19. Bd2 Ne7 20. Nc5 Qf7 21. Qb4 h4 22. a5 h3 23. Bh1 Nd5 24. Qb3 Bf8 25. Ne4 Be7 26. Rb2 Rd8 27. Qa2 g5 28. Rfb1 Nc7 29. Qxf7+ Kxf7 30. c4 Na6 31. Kf1 Nc5 32. Nxc5 Bxc5 33. Be3 Bxe3 34. fxe3 Ke6 35. a6 b6 36. Bxc6 Rb8 37. c5 Bxa6 38. e4 Bb7 39. Bb5 Rdc8 40. cxb6 a6 41. Bc4+ Kd6 42. Ra1 Bxe4 43. Bxa6 Bb7 44. Kf2 Rc6 45. Ke3 Ke6 46. Bc4+ Kd6 47. Ra5 Bc8 48. Rd5+ Ke7 49. Rdb5 Bb7 50. Bd5 Rc1 51. Ke4 Kd6 52. Bxb7 Rxb7 53. Kf5 Rf1+ 54. Kg6 Kc6 55. e4 1-0

[Event "FICGS class C 000060 email"]
[Site "FICGS email"]
[Date "2008.10.27"]
[Round "1"]
[White "Hladky, Ostap"]
[Black "Selalmazidis, Arsenis"]
[Result "1-0"]
[WhiteElo "1800"]
[BlackElo "1880"]
[PlyCount "39"]
[EventDate "2008.??.??"]
[EventType "tourn (corr)"]
[EventRounds "1"]
[SourceTitle "Corr 2022"]
[Source "ChessBase"]
[SourceDate "2021.10.24"]
[SourceVersion "1"]
[SourceVersionDate "2021.10.24"]
[SourceQuality "1"]

1. e4 d5 2. exd5 Qxd5 3. Nf3 Nf6 4. Nc3 Qa5 5. Bc4 e6 6. d4 c6 7. 0-0 Be7 8. Bf4 0-0 9. Re1 Rd8 10. a3 b5 11. Bd3 Bb7 12. Qd2 Qb6 13. a4 Bb4 14. Bg5 Nbd7 15. Ne5 Be7 16. Qe2 b4 17. Nxf7 Rf8 18. Ne5 Qxd4 19. Nf3 Qd6 20. Rad1 1-0

[Event "FICGS rapid B 000103 email"]
[Site "FICGS email"]
[Date "2008.09.18"]
[Round "1"]
[White "Ponting, Andrew"]
[Black "Hladky, Ostap"]
[Result "0-1"]
[WhiteElo "1847"]
[BlackElo "1800"]
[PlyCount "126"]
[EventDate "2008.??.??"]
[EventType "tourn (rapid)"]
[EventRounds "6"]
[SourceTitle "Corr 2022"]
[Source "ChessBase"]
[SourceDate "2021.10.24"]
[SourceVersion "1"]
[SourceVersionDate "2021.10.24"]
[SourceQuality "1"]

1. e4 e5 2. Nf3 Nc6 3. Bc4 Nf6 4. Ng5 d5 5. exd5 Na5 6. Bb5+ c6 7. dxc6 bxc6 8. Be2 h6 9. Nf3 e4 10. Ne5 Bc5 11. c3 Qc7 12. d4 exd3 13. Nxd3 Bd6 14. Nd2 Bf5 15. Nf3 0-0 16. 0-0 Rad8 17. b4 Nd5 18. Bd2 Nc4 19. g3 a5 20. a3 c5 21. bxc5 Bxc5 22. Nxc5 Nxc3 23. Na6 Nxe2+ 24. Qxe2 Qc6 25. Bxa5 Nxa5 26. Nb4 Qa8 27. Qe3 Bg4 28. Ne5 Bh3 29. Qf3 Qxf3 30. Nxf3 Bxf1 31. Kxf1 Rfe8 32. h4 Nc4 33. a4 Rd6 34. Kg2 Rb8 35. Nc2 Ra6 36. Ncd4 Rb4 37. Re1 Raxa4 38. Re8+ Kh7 39. Re7 Rb2 40. Ne2 Raa2 41. Nfd4 h5 42. Rxf7 Rxe2 43. Nxe2 Rxe2 44. Kf1 Rc2 45. Rf5 g6 46. Rf7+ Kg8 47. Re7 Kf8 48. Re1 Kf7 49. Kg2 Kf6 50. Kf1 Ne5 51. Re3 Kf5 52. Kg1 Ng4 53. Rf3+ Ke4 54. Rf7 Kd3 55. Kf1 Rc1+ 56. Kg2 Rc5 57. Rd7+ Ke2 58. Re7+ Kd1 59. Kf1 Rf5 60. Rd7+ Kc2 61. Rc7+ Kd3 62. Rd7+ Ke4 63. Rd2 Nxf2 0-1

[Event "FICGS rapid B 000099 email"]
[Site "FICGS email"]
[Date "2008.08.20"]
[Round "1"]
[White "Hladky, Ostap"]
[Black "Jerez, Miriam"]
[Result "1-0"]
[WhiteElo "1800"]
[BlackElo "1800"]
[PlyCount "37"]
[EventDate "2008.??.??"]
[EventType "tourn (rapid)"]
[EventRounds "6"]
[SourceTitle "Corr 2022"]
[Source "ChessBase"]
[SourceDate "2021.10.24"]
[SourceVersion "1"]
[SourceVersionDate "2021.10.24"]
[SourceQuality "1"]

1. e4 e5 2. Nf3 d5 3. exd5 Qxd5 4. Nc3 Qe6 5. Be2 Nf6 6. d4 e4 7. Ng5 Qc6 8. Bb5 Bg4 9. f3 exf3 10. gxf3 Nfd7 11. Bxc6 bxc6 12. fxg4 Bd6 13. Qe2+ Be7 14. 0-0 h6 15. Rxf7 Kd8 16. Qxe7+ Kc8 17. Nce4 hxg5 18. Nc5 Nxc5 19. Qxc7# 1-0

[Event "FICGS rapid B 000099 email"]
[Site "FICGS email"]
[Date "2008.08.20"]
[Round "1"]
[White "Hladky, Ostap"]
[Black "Sternik, Ryszard"]
[Result "1-0"]
[WhiteElo "1800"]
[BlackElo "1811"]
[PlyCount "67"]
[EventDate "2008.??.??"]
[EventType "tourn (rapid)"]
[EventRounds "6"]
[SourceTitle "Corr 2022"]
[Source "ChessBase"]
[SourceDate "2021.10.24"]
[SourceVersion "1"]
[SourceVersionDate "2021.10.24"]
[SourceQuality "1"]

1. e4 c5 2. Nf3 Nc6 3. d4 cxd4 4. Nxd4 Nf6 5. Nc3 e5 6. Ndb5 d6 7. Bg5 a6 8. Na3 b5 9. Nd5 Be7 10. Bxf6 Bxf6 11. c3 0-0 12. Nc2 Bg5 13. a4 bxa4 14. Rxa4 a5 15. Bc4 Rb8 16. b3 Kh8 17. Nce3 g6 18. Qe2 Be6 19. h4 Bxh4 20. g3 Bg5 21. f4 exf4 22. gxf4 Bh4+ 23. Kd2 Bf6 24. Kc2 Bg7 25. Qh2 h5 26. f5 Bxd5 27. Nxd5 Kh7 28. Raa1 Ne5 29. Be2 Rh8 30. Qh3 Bh6 31. Rag1 a4 32. fxg6+ fxg6 33. Bxh5 axb3+ 34. Kb1 1-0

[Event "FICGS rapid B 000099 email"]
[Site "FICGS email"]
[Date "2008.08.20"]
[Round "1"]
[White "Ratna, Jean Michel"]
[Black "Hladky, Ostap"]
[Result "1-0"]
[WhiteElo "1800"]
[BlackElo "1800"]
[PlyCount "87"]
[EventDate "2008.??.??"]
[EventType "tourn (rapid)"]
[EventRounds "6"]
[SourceTitle "Corr 2022"]
[Source "ChessBase"]
[SourceDate "2021.10.24"]
[SourceVersion "1"]
[SourceVersionDate "2021.10.24"]
[SourceQuality "1"]

1. e4 c5 2. Nf3 d6 3. d4 cxd4 4. Nxd4 Nf6 5. Nc3 g6 6. Be3 Bg7 7. f3 0-0 8. Qd2 Nc6 9. 0-0-0 Bd7 10. g4 Ne5 11. h4 b5 12. Nd5 Rc8 13. h5 e6 14. Nxf6+ Qxf6 15. Bh6 Nc4 16. Bxg7 Qxg7 17. Bxc4 bxc4 18. Qc3 Qf6 19. Ne2 Qxc3 20. Nxc3 Rc6 21. Rh2 Rd8 22. hxg6 hxg6 23. Nb5 Be8 24. e5 d5 25. f4 Ra6 26. Nd6 Raxd6 27. exd6 Rxd6 28. f5 exf5 29. gxf5 gxf5 30. Rh4 c3 31. bxc3 Rf6 32. Rxd5 Bc6 33. Rd8+ Kg7 34. Rhh8 Re6 35. Rdg8+ Kf6 36. Rh6+ Ke5 37. Rxe6+ fxe6 38. c4 Kd6 39. Kd2 a5 40. Rg6 Kd7 41. Kd3 e5 42. c5 Be4+ 43. Kd2 f4 44. Rd6+ 1-0